|
|
|
|
| LEADER |
02944nam a22004935i 4500 |
| 001 |
978-3-319-53868-6 |
| 003 |
DE-He213 |
| 005 |
20170310152456.0 |
| 007 |
cr nn 008mamaa |
| 008 |
170310s2017 gw | s |||| 0|eng d |
| 020 |
|
|
|a 9783319538686
|9 978-3-319-53868-6
|
| 024 |
7 |
|
|a 10.1007/978-3-319-53868-6
|2 doi
|
| 040 |
|
|
|d GrThAP
|
| 050 |
|
4 |
|a QH324.2-324.25
|
| 072 |
|
7 |
|a PSA
|2 bicssc
|
| 072 |
|
7 |
|a UB
|2 bicssc
|
| 072 |
|
7 |
|a COM014000
|2 bisacsh
|
| 082 |
0 |
4 |
|a 570.285
|2 23
|
| 100 |
1 |
|
|a Bezerianos, Anastasios.
|e author.
|
| 245 |
1 |
0 |
|a Computational Methods for Processing and Analysis of Biological Pathways
|h [electronic resource] /
|c by Anastasios Bezerianos, Andrei Dragomir, Panos Balomenos.
|
| 264 |
|
1 |
|a Cham :
|b Springer International Publishing :
|b Imprint: Springer,
|c 2017.
|
| 300 |
|
|
|a VIII, 87 p. 11 illus. in color.
|b online resource.
|
| 336 |
|
|
|a text
|b txt
|2 rdacontent
|
| 337 |
|
|
|a computer
|b c
|2 rdamedia
|
| 338 |
|
|
|a online resource
|b cr
|2 rdacarrier
|
| 347 |
|
|
|a text file
|b PDF
|2 rda
|
| 490 |
1 |
|
|a SpringerBriefs in Computer Science,
|x 2191-5768
|
| 505 |
0 |
|
|a Introduction -- Networks and Pathways in Systems Pharmacology -- Time Varying Methods for Pathway and Sub-Pathway Analysis -- Identification of Differentially Expressed Pathways and Sub-Pathways.
|
| 520 |
|
|
|a This work offers a guided walkthrough of one of the most promising research areas in modern life sciences, enabling a deeper understanding of involved concepts and methodologies via an interdisciplinary view, focusing on both well-established approaches and cutting-edge research. Highlighting what pathway analysis can offer to both the experimentalist and the modeler, the text opens with an introduction to a general methodology that outlines common workflows shared by several methods. This is followed by a review of pathway and sub-pathway based approaches for systems pharmacology. The work then presents an overview of pathway analysis methods developed to model the temporal aspects of drug- or disease-induced perturbations and extract relevant dynamic themes. The text concludes by discussing several state-of-the-art methods in pathway analysis, which address the important problem of identifying differentially expressed pathways and sub-pathways.
|
| 650 |
|
0 |
|a Computer science.
|
| 650 |
|
0 |
|a Bioinformatics.
|
| 650 |
|
0 |
|a Systems biology.
|
| 650 |
1 |
4 |
|a Computer Science.
|
| 650 |
2 |
4 |
|a Computational Biology/Bioinformatics.
|
| 650 |
2 |
4 |
|a Systems Biology.
|
| 700 |
1 |
|
|a Dragomir, Andrei.
|e author.
|
| 700 |
1 |
|
|a Balomenos, Panos.
|e author.
|0 (orcid)http://orcid.org/0000-0002-1074-5933
|
| 710 |
2 |
|
|a SpringerLink (Online service)
|
| 773 |
0 |
|
|t Springer eBooks
|
| 776 |
0 |
8 |
|i Printed edition:
|z 9783319538679
|
| 830 |
|
0 |
|a SpringerBriefs in Computer Science,
|x 2191-5768
|
| 856 |
4 |
0 |
|u http://dx.doi.org/10.1007/978-3-319-53868-6
|z Full Text via HEAL-Link
|
| 912 |
|
|
|a ZDB-2-SCS
|
| 950 |
|
|
|a Computer Science (Springer-11645)
|